000 01580cad a22002295a 4500
001 L153241
008 110629s2011 xxk f 000 0 eng d
035 _a(Sirsi) u153241
041 0 _aeng
110 2 _aPinsent Masons
_95118
245 0 0 _aInfrastructure in the new era
_h[electronic resource]
260 _a[S.l.]
_bPinsent Masons
_c2011
520 _aThis report follows the 2009 report 'Never waste a good crisis' by seeking to understand the key drivers for the infrastructure sector making considerably better progress than many other sectors of the construction industry in its attempts to reform and improve; presents a manifesto for further improvement in the infrastructure sector which is a key part of the construction industry. Constructing Excellence and Pinsent Masons set out to engage with the clients, consultants and supply chain contractors, specialists, product manufacturers, suppliers within the infrastructure sector to examine the approach being taken towards collaborative working and to understand their views to implementing change to the way in which infrastructure assets are procured, delivered and managed, particularly in the current economic climate.
590 _aKA NTK
651 4 _aUnited Kingdom
_y
690 _aBUILT ENVIRONMENT-CONSTRUCTION MARKET
690 _aProcurement
_96260
690 _aBUILT ENVIRONMENT-CONSTRUCTION MANAGEMENT
710 1 _aConstructing Excellence
_94740
856 4 0 _uhttps://www.pinsentmasons.com/pdf/InfrastructureInNewEra.pdf
_zView the item free of charge at www.pinsentmasons.com
942 _n0
999 _c112432
_d112432